Sync (Record no. 1074)
| 000 -LEADER | |
|---|---|
| fixed length control field | 00531nam a22001817a 4500 |
| 003 - CONTROL NUMBER IDENTIFIER | |
| control field | OSt |
| 005 - DATE AND TIME OF LATEST TRANSACTION | |
| control field | 20260423085212.0 |
| 008 - FIXED-LENGTH DATA ELEMENTS--GENERAL INFORMATION | |
| fixed length control field | 250615b |||||||| |||| 00| 0 eng d |
| 020 ## - INTERNATIONAL STANDARD BOOK NUMBER | |
| International Standard Book Number | 9780786868445 |
| 040 ## - CATALOGING SOURCE | |
| Transcribing agency | OUTSPAN GLOBAL UNIVERSITY |
| 050 ## - LIBRARY OF CONGRESS CALL NUMBER | |
| Classification number | Q172 |
| Item number | .5.S77 2003 |
| 100 ## - MAIN ENTRY--PERSONAL NAME | |
| Dates associated with a name | Strogatz Steven |
| Relator term | Author |
| 245 ## - TITLE STATEMENT | |
| Title | Sync |
| Remainder of title | The Emerging Science of Spontaneous Order |
| Statement of responsibility, etc. | by Steven H. Strogatz |
| 250 ## - EDITION STATEMENT | |
| Edition statement | 1st |
| 260 ## - PUBLICATION, DISTRIBUTION, ETC. | |
| Place of publication, distribution, etc. | New York; |
| Name of publisher, distributor, etc. | Grand Central Publishing, |
| Date of publication, distribution, etc. | c2003. |
| 650 ## - SUBJECT ADDED ENTRY--TOPICAL TERM | |
| Source of heading or term | Universal phenomenon |
| 942 ## - ADDED ENTRY ELEMENTS (KOHA) | |
| Source of classification or shelving scheme | Library of Congress Classification |
| Koha item type | Books |
| Suppress in OPAC | No |
| Withdrawn status | Lost status | Source of classification or shelving scheme | Damaged status | Not for loan | Home library | Current library | Shelving location | Date acquired | Total checkouts | Full call number | Barcode | Date last seen | Price effective from | Koha item type |
|---|---|---|---|---|---|---|---|---|---|---|---|---|---|---|
| Library of Congress Classification | Main Campus | 2nd Floor Main Library | General stacks | 06/15/2025 | Q172.5.S77 2003 | 102548 | 06/15/2025 | 06/15/2025 | Books |
